| 000 | 01809cam a2200265 4500 | ||
|---|---|---|---|
| 001 | ABS66773 | ||
| 008 | 030625n2003 000 0 eng u | ||
| 035 | _a(Sirsi) u122739 | ||
| 100 | _aImrie, R. | ||
| 245 | _aHousing quality and the provision of accessible homes | ||
| 260 | _c2003 | ||
| 490 |
_aHousing Studies _v18(3) May 2003, 387-408(22) |
||
| 520 | _aDescribes and evaluates the reactions and responses of house builders in England and Wales to government regulation concerning disabled people's physical access to new housing. Discusses the role and relevance of government regulation in respect of housing quality and specifically of the housing needs of disabled people. Assesses the impact and implications of Part M of the Building Regulations, referring to a postal survey of and interview data from house builders. Concludes that housing policy must address simultaneously house builders' concerns about Part M and the as yet unmet needs of disabled people for good quality, accessible housing. Tables cover the main features of Part M, number of builders by size category: 2001 and responses to questions in the author's house builder survey. References. [Taken from journal abstract]. | ||
| 590 | _aABS | ||
| 650 | _aACCESSIBLE HOUSING | ||
| 650 | _aMANAGEMENT-BUSINESS MANAGEMENT-DISCRIMINATION-DISABILITY DISCRIMINATION-ACCESSIBILITY | ||
| 650 | _aNEW HOUSING | ||
| 650 | _aMANAGEMENT-BUSINESS MANAGEMENT-DISCRIMINATION-DISABILITY DISCRIMINATION-ACCESSIBILITY | ||
| 650 |
_aBUILDING REGULATIONS _96224 |
||
| 650 | _aMANAGEMENT-BUSINESS MANAGEMENT-DISCRIMINATION-DISABILITY DISCRIMINATION-ACCESSIBILITY | ||
| 650 | _aHOUSE BUILDING | ||
| 650 | _aBUILDING REGULATIONS 1991 APPROVED DOCUMENT M (1999 EDITION) | ||
| 690 | _aBUILT ENVIRONMENT-BUILDING STANDARDS | ||
| 942 | _n0 | ||
| 999 |
_c72919 _d72919 |
||